000 00492nam a2200169 i 4500
001 21973
003 ES-MaACL
005 20230906152601.0
007 t|
008 021128s1915 xxk ||||1| eng d
100 1 _aAleksinskii, Grigorii Alekseevich.
_9171326
245 1 0 _aModern Russia /
_cby Gregor Alexinsky ; translated by Bernal Miall.
260 _aLondon :
_bJ. Fisher Unwin,
_c[1915]
300 _a362 p. ;
_c20 cm.
700 1 _aMiall, Bernal.
_980849
852 _aES-MaACL
_jF-7430
999 _c21973
_d21973